George Rapp's successors and material heirs /

Bibliographic Details
Main Author: Arndt, Karl John Richard
Format: Book
Language:English
Published: Rutherford [N.J.] : Fairleigh Dickinson University Press, [1971]
Subjects:

MARC

Tag First Indicator Second Indicator Subfields
LEADER 00000cam a2200000 4500
001 in00000459913
005 20151012155842.0
008 720424s1971 njua b 00010 eng d
010 |a  76147268  
035 |a (OCoLC)00291158 
035 |9 ABZ2417AM 
040 |c DRB  |d TXA  |d UtOrBLW 
049 |a TXAM  |c [1148203] 
090 |a HX656.N5  |b A72 
100 1 |a Arndt, Karl John Richard. 
245 1 0 |a George Rapp's successors and material heirs /  |c [by] Karl J.R. Arndt. 
264 1 |a Rutherford [N.J.] :  |b Fairleigh Dickinson University Press,  |c [1971] 
264 4 |c [©1971] 
300 |a 445p :  |b illustrations ;  |c 22cm. 
336 |a text  |b txt  |2 rdacontent 
337 |a unmediated  |b n  |2 rdamedia 
338 |a volume  |b nc  |2 rdacarrier 
500 |a Continuation of George Rapp's Harmony Society, 1785-1847. 
504 |a Bibliography: pages 429-445. 
610 2 0 |a Harmony Society. 
651 0 |a New Harmony (Ind.)  |x History. 
999 |a MARS 
999 f f |s 7052e01e-f47f-3513-afd9-f3692c24397a  |i 10457194-df0f-3c2f-adf3-36b57349611f  |t 0 
952 f f |p ric  |a Texas A&M University  |b Rellis Campus  |c Joint Library Facility  |d Remote Storage  |t 0  |e HX656.N5 A72  |h Library of Congress classification  |i unmediated -- volume  |m A14803059958 
998 f f |a HX656.N5 A72  |t 0  |l Remote Storage